banner koha

Bioactive constituents of shoot extracts of Sisymbrium irio L. Against Fusarium oxysporum f. sp. cepae (Registro n. 9592)

MARC details
000 -LÍDER
fixed length control field 04335nab a2200301 i 4500
003 - CÓDIGO MARC DA AGÊNCIA CATALOGADORA
Campo de controle BR-BrBNA
005 - DATA E HORA DA ÚLTIMA ATUALIZAÇÃO
Campo de controle 20230921150918.0
008 - CAMPO DE TAMANHO FIXO
fixed length control field 230710b2020 bl.ar|pooa||| 00| 0 eng |
040 ## - FONTE DA CATALOGAÇÃO
Agência catalogadora BR-BrBNA
Idioma da catalogação eng
072 ## - CATEGORIA AGRIS
Código AGRIS H60
Código do objeto 1740
072 ## - CATEGORIA AGRIS
Código AGRIS H20
100 ## - ENTRADA PRINCIPAL - NOME PESSOAL
Nome pessoal Akhtar, R.
100 ## - ENTRADA PRINCIPAL - NOME PESSOAL
Nome pessoal Javaid, A.
100 ## - ENTRADA PRINCIPAL - NOME PESSOAL
Nome pessoal Qureshi, M.Z.
245 ## - TÍTULO PRINCIPAL
Título principal Bioactive constituents of shoot extracts of Sisymbrium irio L. Against Fusarium oxysporum f. sp. cepae
500 ## - NOTA GERAL
Nota geral Publicação on-line; 34 ref.; 2 tables; 6 illus.; Summaries (En, Pt)
942 ## - ADDED ENTRY ELEMENTS (KOHA)
Koha item type
520 ## - NOTA DE RESUMO
Nota de conteúdo <br/><br/>ABSTRACT - The present study was carried out to check the antifungal potential of<br/>Sisymbrium irio L. shoot extract against Fusarium oxysporum f. sp. cepae (FOC). In<br/>preliminary bioassays, different concentrations (1 to 5%) of leaf, stem and fruit extracts<br/>were evaluated against FOC. All the extracts were effective against the pathogen.<br/>However, the leaf extract was found the most effective causing 25-41% decrease in<br/>FOC biomass. The fractionation of methanolic leaf extract was done by two<br/>organic solvents namely n-hexane and chloroform. Different concentrations (1.56 to<br/>200 mg mL-1) of these fractions were tested against FOC. The n-hexane and chloroform<br/>fractions showed inhibitory activity against the pathogen and resulted in 77-93%<br/>and 80-96% reduction in biomass of FOC, respectively. GC-MS analysis showed the<br/>presence of 24 compounds in n-hexane and 4 compounds in chloroform fraction. In<br/>n-hexane fraction, β-sitosterol (18.64%) was the most abundant compound followed<br/>by orotic acid, bis(tert-butyldimethylsilyl)-, tert-butyldimethylsilyl ester (12.18%),<br/>10-octadecenoic acid, methyl ester (7.90%) and 1,2-benzenedicarboxylic acid,<br/>diisooctyl ester (6.05%). Major compounds identified in chloroform fraction were<br/>1,3-benzenedicarboxylic acid, bis(2-ethylhexyl) ester (50.82%) and di-n-octyl phthalate<br/>(33.00%). This study concludes that n-hexane and chloroform fractions of methanolic<br/>leaf extract of S. irio contain potent antifungal constituents for the management of<br/>FOC.<br/><br/>Keywords: basal rot of onion, brassicaceous weed, methanolic extract.
520 ## - NOTA DE RESUMO
Nota de conteúdo <br/><br/>RESUMO - O presente estudo foi realizado para verificar o potencial antifúngico<br/>do extrato de caule de Sisymbrium irio L. contra Fusarium oxysporum f. sp. cepae<br/>(FOC). Em bioensaios preliminares, diferentes concentrações (1% a 5%) de<br/>extratos de folhas, caules e frutos foram avaliadas contra o FOC. Todos os extratos<br/>foram eficazes contra o patógeno. No entanto, o extrato de folhas foi o mais eficaz,<br/>causando 25-41% de redução na biomassa FOC. O fracionamento do extrato<br/>metanólico das folhas foi feito por dois solventes orgânicos: n-hexano e clorofórmio.<br/>Diferentes concentrações (1,56 a 200 mg mL-1) dessas frações foram testadas contra<br/>o FOC. As frações de n-hexano e clorofórmio mostraram atividade inibitória contra<br/>o patógeno e resultaram em redução de 77-93% e 80-96% na biomassa de FOC,<br/>respectivamente. A análise por CG-EM mostrou a presença de 24 compostos em<br/>n-hexano e 4 compostos em fração clorofórmica. Na fração n-hexano, o β-sitosterol<br/>(18,64%) foi o composto mais abundante, seguido pelo ácido orótico, éster bis<br/>(terc-butildimetilsilil) terc-butildimetilsilílico (12,18%), éster de ácido<br/>10-octadecenoico metil (7,90%) e Ter de di-isoctilo do ido 1,2-benzenodicarboxico<br/>(6,05%). Os principais compostos identificados na fração clorofórmica foram o<br/>ácido 1,3-benzenodicarboxílico, o éster bis (2-etil-hexílico) (50,82%) e o ftalato di-n-octilo (33,00%).<br/>Este estudo conclui que as frações de n-hexano e clorofórmio do extrato metanólico das folhas de S. irio<br/>contêm potentes constituintes antifúngicos para o manejo do FOC.<br/><br/>Palavras-chave: podridão basal de cebola, planta daninha Brassicácea.
650 ## - ASSUNTO - THESAGRO
Cabeçalho tópico ou nome geográfico PODRIDÃO
650 ## - ASSUNTO - THESAGRO
Cabeçalho tópico ou nome geográfico ALLIUM CEPA
650 ## - ASSUNTO - THESAGRO
Cabeçalho tópico ou nome geográfico CEBOLA
650 ## - ASSUNTO - THESAGRO
Cabeçalho tópico ou nome geográfico ERVA DANINHA
650 ## - ASSUNTO - THESAGRO
Cabeçalho tópico ou nome geográfico BRASSICACEAE
773 0# - ENTRADA ANALÍTICA
Host Biblionumber 886
Registro do item 1817
Imprenta Londrina-PR : Sociedade Brasileira da Ciência das Plantas Daninhas, 1978
Outro identificador 2023-031024
Título Planta Daninha (Brazil)
ISSN 0100-8358; 1806-9681 (on-line)
Colação v. 38 p. 1-10; (2020)
Número de controle de registro BR2023000783
856 ## - ACESSO E ENDEREÇO ELETRÔNICO
Identificador uniforme de recurso - URI https://www.scielo.br/j/pd/a/nGWfvYCsLzVkSTqb4yTXvZf/?format=pdf&lang=en

Nenhum exemplar disponível.

BINAGRI

Telefone: (61)3218-2567/2388/3357/2097 - binagri@agro.gov.br

Ministério da Agricultura e Pecuária , Esplanada dos Ministérios, Bloco D, Anexo B, Brasília/DF, CEP: 70.043-900